000 00443nam a2200181Ia 4500
003 STCL
008 221019s9999 xx 000 0 und d
020 _a9788174761200
040 _aSTCL
_cSTCL
_bEN
082 _222
100 _aBhatia, Praveen
245 0 _aHamlet: Willam Shakespeare
260 _bUBS Publishers Distributors Pvt Ltd
_aNew Delhi
_c2012
300 _a504 p
365 _b260
546 _aEnglish
942 _cBK
_2DDC
_e22
999 _c87935
_d87935